[Event "Tan Lian Ann Cup"]
[Site "Tianjing"]
[Date "2001.07.29"]
[Round "15"]
[White "Chi, Fengtong"]
[Black "Ning, Chunhong"]
[Result "0-1"]
[WhiteElo "2275"]
[BlackElo "2341"]
[PlyCount "48"]
[EventDate "2001.07.15"]
[EventType "tourn"]
[EventRounds "22"]
[EventCountry "CHN"]
[EventCategory "5"]
[SourceTitle "CBM 083 Extra"]
[Source "ChessBase"]
[SourceDate "2001.09.11"]
[SourceVersion "1"]
[SourceVersionDate "2001.09.11"]
[SourceQuality "1"]

1. c4 c5 2. Nc3 Nf6 3. Nf3 d5 4. cxd5 Nxd5 5. d4 e6 6. e4 Nxc3 7. bxc3 Be7 8. Be2 0-0 9. 0-0 cxd4 10. cxd4 b6 11. Be3 Bb7 12. Qd3 Nc6 13. Rfd1 Nb4 14. Qb1 Rc8 15. Bd3 Rc3 16. Bf1 Nc2 17. Qb2 Qc8 18. Bd2 Rc7 19. Bf4 Ba3 20. Qb5 Nxa1 21. Bxc7 Qxc7 22. Rxa1 Bxe4 23. Ng5 Bg6 24. h4 Qc3 0-1

[Event "Tan Lian Ann Cup"]
[Site "Tianjing"]
[Date "2001.07.24"]
[Round "10"]
[White "Li, Haoyu"]
[Black "Chi, Fengtong"]
[Result "1/2-1/2"]
[WhiteElo "2314"]
[BlackElo "2275"]
[PlyCount "27"]
[EventDate "2001.07.15"]
[EventType "tourn"]
[EventRounds "22"]
[EventCountry "CHN"]
[EventCategory "5"]
[SourceTitle "CBM 083 Extra"]
[Source "ChessBase"]
[SourceDate "2001.09.11"]
[SourceVersion "1"]
[SourceVersionDate "2001.09.11"]
[SourceQuality "1"]

1. e4 c6 2. d4 d5 3. Nc3 dxe4 4. Nxe4 Bf5 5. Ng3 Bg6 6. Nf3 Nf6 7. h4 h6 8. Ne5 Bh7 9. Bd3 Bxd3 10. Qxd3 e6 11. Bd2 Bd6 12. f4 Nbd7 13. 0-0-0 0-0 14. Rhe1 1/2-1/2

[Event "Tan Lian Ann Cup"]
[Site "Tianjing"]
[Date "2001.07.18"]
[Round "4"]
[White "Ning, Chunhong"]
[Black "Chi, Fengtong"]
[Result "1-0"]
[WhiteElo "2341"]
[BlackElo "2275"]
[PlyCount "53"]
[EventDate "2001.07.15"]
[EventType "tourn"]
[EventRounds "22"]
[EventCountry "CHN"]
[EventCategory "5"]
[SourceTitle "CBM 083 Extra"]
[Source "ChessBase"]
[SourceDate "2001.09.11"]
[SourceVersion "1"]
[SourceVersionDate "2001.09.11"]
[SourceQuality "1"]

1. e4 d5 2. exd5 Qxd5 3. Nc3 Qa5 4. d4 Nf6 5. Nf3 c6 6. Bc4 Bg4 7. 0-0 e6 8. Re1 Be7 9. h3 Bxf3 10. Qxf3 0-0 11. Bd2 Nbd7 12. Rad1 Qb6 13. Bc1 c5 14. d5 e5 15. d6 Bd8 16. Nd5 Nxd5 17. Bxd5 Rb8 18. Qf5 Nf6 19. Qxe5 Nxd5 20. Qxd5 Bf6 21. c3 Rbd8 22. d7 g6 23. Qd6 Qxd6 24. Rxd6 Bg7 25. Rd5 b6 26. Bg5 f6 27. Bf4 1-0

[Event "Tan Lian Ann Cup"]
[Site "Tianjing"]
[Date "2001.07.03"]
[Round "20"]
[White "Chan, Peng Kong"]
[Black "Chi, Fengtong"]
[Result "1-0"]
[WhiteElo "2393"]
[BlackElo "2275"]
[PlyCount "89"]
[EventDate "2001.07.15"]
[EventType "tourn"]
[EventRounds "22"]
[EventCountry "CHN"]
[EventCategory "5"]
[SourceTitle "CBM 083 Extra"]
[Source "ChessBase"]
[SourceDate "2001.09.11"]
[SourceVersion "1"]
[SourceVersionDate "2001.09.11"]
[SourceQuality "1"]

1. d4 d5 2. c4 c6 3. Nf3 Nf6 4. Nc3 dxc4 5. a4 Bf5 6. e3 e6 7. Bxc4 Bb4 8. 0-0 0-0 9. Nh4 Bg6 10. Nxg6 hxg6 11. Qb3 Qe7 12. Rd1 Nbd7 13. Na2 Bd6 14. h3 Nb6 15. Bf1 e5 16. Nc3 exd4 17. exd4 Nbd5 18. Bg5 Qd7 19. Bd3 Nf4 20. Bxf4 Bxf4 21. Bxg6 Nd5 22. Bd3 Bc7 23. Nxd5 cxd5 24. Rac1 Qd6 25. g3 Bb6 26. Bf1 Rac8 27. Rc3 Rxc3 28. Qxc3 Qc6 29. Qb3 Rc8 30. Bg2 Rd8 31. h4 Qc4 32. Qxc4 dxc4 33. d5 Ba5 34. d6 c3 35. bxc3 Bxc3 36. Bxb7 Kf8 37. Bc6 Bb4 38. d7 Ke7 39. Kg2 Rb8 40. Rd4 Kd8 41. h5 Be7 42. Bb5 Rb7 43. Rf4 f6 44. Rg4 Bf8 45. h6 1-0

[Event "CHN-chT"]
[Site "Suzhou"]
[Date "2001.03.29"]
[Round "4"]
[White "Lin, Weiguo"]
[Black "Chi, Fengtong"]
[Result "1-0"]
[WhiteElo "2469"]
[BlackElo "2229"]
[PlyCount "61"]
[EventDate "2001.03.02"]
[EventType "team"]
[EventRounds "10"]
[EventCountry "CHN"]
[SourceTitle "EXT 2002"]
[Source "ChessBase"]
[SourceDate "2001.11.25"]
[SourceVersion "1"]
[SourceVersionDate "2001.11.25"]
[SourceQuality "1"]

1. d4 d5 2. c4 c6 3. Nf3 Nf6 4. Nc3 dxc4 5. e4 b5 6. e5 Nd5 7. a4 Nxc3 8. bxc3 e6 9. g3 Bb7 10. Bg2 Nd7 11. Ng5 Be7 12. axb5 Bxg5 13. bxc6 Bxc6 14. Bxc6 Bxc1 15. Qxc1 Rc8 16. Bxd7+ Qxd7 17. Qa3 Ra8 18. 0-0 Qc6 19. Rfb1 Kd7 20. Rb4 Rhc8 21. Ra4 Rc7 22. Qa2 h5 23. h4 Rb8 24. Rxa7 Rb3 25. Ra6 Qb7 26. Qa4+ Qb5 27. Rd6+ Ke7 28. Qa8 Qb8 29. Qf3 Rb1+ 30. Rxb1 Qxb1+ 31. Kg2 1-0